000 00509nam a2200145 i 4500
001 27997
003 ES-MaACL
007 t|
008 030116s1953 sp ||||1| spa d
100 1 _aBailador de Pedro, Manuel C.
_924683
245 1 3 _aLa América de ayer
_b: (la colonización americana a través de la legislación de Indias) /
_cManuel C. Bailador de Pedro.
260 _aZamora :
_b[s.n.,
_c1953] (
_fTip. Heraldo de Zamora)
300 _a181 p. :
_bil. ;
_c22 cm.
852 _aES-MaACL
_jC-8375
_bR.35094
999 _c27997
_d27997